000
00331cam a2200145ua 4500
041
_a
mal
_h
082
_a
894.81209
_b
CHU/MA
100
_a
Chummar, T.M .
245
0
0
_a
Mahakavi Kunchan Nambiar /
_c
T.M Chummar.
_h
Textual Documents
250
_a
4 /
_b
.
300
_a
192 ; .
504
_a
942
_c
BK
999
_c
11688
_d
11688